<The> Geneva Papers on Risk and Insurance Issues and Practice

Enregistré dans:
Détails bibliographiques
Format: Publication en série
Langue:anglais
Publié: London Palgrave Macmillan 2018
Tags: Ajouter un tag
Pas de tags, Soyez le premier à ajouter un tag!

MARC

LEADER 00000nas2a2200000 4500
001 0246361
005 20230130110343.9
022 |a 1018-5895 
041 0 |a eng 
044 |a GB 
245 1 0 |a <The> Geneva Papers on Risk and Insurance  |b Issues and Practice 
264 1 |a London  |b Palgrave Macmillan  |c 2018 
773 0 |w eu_un_cat*0229590 
774 0 |w eu_un_cat*0290635